Joueurs de foot espagnol - Statistiques

Statistiques générales
  • Ce quiz a été pris 138 fois
  • Le résultat moyen est 24 sur 30
Statistiques - réponses
Par images Réponse % Correct
Iniesta
100%
Sergio Ramos
99%
Xavi
99%
Puyol
98%
Yamal
98%
Piqué
97%
Busquets
96%
Casillas
94%
Torres
94%
Xabi Alonso
94%
Pedri
93%
Carvajal
92%
Rodri
90%
Gavi
89%
De Gea
88%
Villa
88%
Williams
88%
Alba
87%
Fabregas
77%
Pedro
71%
Silva
71%
Simon
71%
Alcantara
70%
Mata
64%
Oyarzabal
63%
Raul
62%
Cubarsi
61%
Hierro
46%
Morientes
36%
Helguera
9%
Aucun quiz correspondant
Distribution des résultats
% des personnes avec chaque résultat
Percentile par nombre de réponses
Votre historique - résultats
Vous n’avez pas pris ce quiz